000 00367 a2200157 4500
001 68418
020 _a9788516117283
040 _cAnchieta - Pituba
100 _aRamos, Mozart Neves
240 1 0 _aSem educação não haverá futuro
_lpor
245 1 0 _aSem educação não haverá futuro
300 _a104
362 0 _a2019
650 4 _aEducação
942 _cBK
999 _c68418
_d68418